|
|
|
|
| LEADER |
00000cam a2200000 a 4500 |
| 001 |
vtls001450373 |
| 003 |
SK-MaSNL |
| 005 |
20260425222433.0 |
| 008 |
240226s2002 xo frn 000 0 slo |
| 015 |
|
|
|a SNBA2003/10-03760
|
| 020 |
|
|
|q (brožované)
|
| 035 |
|
|
|a SNK000405666
|
| 035 |
|
|
|a urn:nbn:sk:snk-amjquh
|
| 035 |
|
|
|a urn:nbn:sk:snk:ar-0091ty
|
| 035 |
|
|
|a a1bf5234-42f0-4cb2-b0a9-348a3c965cc4
|
| 040 |
|
|
|a SNK
|b slo
|c SNK
|e AACR2
|
| 041 |
0 |
|
|a slo
|
| 043 |
|
|
|a e-xo---
|
| 044 |
|
|
|a xo
|c SK
|
| 072 |
|
7 |
|a 364-1/-7
|x Druhy sociálnej pomoci a služieb
|2 konspekt
|
| 080 |
|
|
|a 364-7
|2 2011
|
| 080 |
|
|
|a 364-54-057.75
|2 2011
|
| 080 |
|
|
|a 93/94
|2 2011
|
| 080 |
|
|
|a (437.6)
|2 2011
|
| 080 |
|
|
|a (082)
|2 2011
|
| 100 |
1 |
|
|a Herchl, Ján,
|d 1936-2008
|4 aut
|9 5273
|
| 245 |
1 |
0 |
|a História domovov dôchodcov a domovov sociálnych služieb v Slovenskej republike
|c Ján Herchl
|
| 250 |
|
|
|a 2. vyd.
|
| 260 |
|
|
|a Banská Bystrica
|b Ján Herchl
|c 2002
|
| 300 |
|
|
|a 40 strán
|c 21 cm
|
| 500 |
|
|
|a Obálkový titulný list
|
| 504 |
|
|
|a Bibliografia na strane 40
|
| 650 |
0 |
7 |
|a sociálne služby
|2 SNKPH
|9 3721
|
| 650 |
0 |
7 |
|a zariadenia pre seniorov
|2 SNKPH
|9 111521
|
| 650 |
0 |
7 |
|a dejiny
|2 SNKPH
|9 3825
|
| 651 |
|
7 |
|a Slovensko
|2 SNKPHgeo
|9 14231
|
| 655 |
|
7 |
|a zborníky
|2 SNKPH
|9 70165
|
| 655 |
|
7 |
|a issue_zb
|2 SNK
|9 276493
|
| 954 |
|
|
|a odborná, vedecká literatúra pôvodná (slovenská)
|2 lita
|
| 958 |
|
|
|a ART
|
| 958 |
|
|
|a EUIPO
|
| 958 |
|
|
|a OND
|
| 958 |
|
|
|a TL
|
| 958 |
|
|
|a NB
|
| 958 |
|
|
|a SP
|
| 958 |
|
|
|a ZB
|
| 999 |
|
|
|c 557062
|d 558992
|
| 952 |
|
|
|a SNK
|b SNK
|y PREZ
|7 0
|p 17A0377209
|o snkSC 120075
|i snkKSP 3227/2003
|0 0
|1 0
|4 0
|d 2003-03-03
|f 1
|l 0
|r 2025-05-29 00:00:00
|w 2026-02-23
|
| 952 |
|
|
|t P60, <04>, [BOOK], {604}
|a SNK
|b SNK
|y VYP
|7 0
|p 17A0377210
|o snkSC 120075 D1
|i snkKSP 3228/2003
|0 0
|1 0
|4 0
|d 2003-03-03
|l 0
|r 2016-12-31 00:00:00
|w 2026-02-23
|